Neuromusculoskeletal Examination and Assessment : (Record no. 5920)
[ view plain ]
| 000 -LEADER | |
|---|---|
| fixed length control field | 00757cam a2200253 a 4500 |
| 001 - CONTROL NUMBER | |
| control field | 16805137 |
| 003 - CONTROL NUMBER IDENTIFIER | |
| control field | OSt |
| 005 - DATE AND TIME OF LATEST TRANSACTION | |
| control field | 20180226183903.0 |
| 008 - FIXED-LENGTH DATA ELEMENTS--GENERAL INFORMATION | |
| fixed length control field | 110601s2011 stka bf 001 0 eng |
| 010 ## - LIBRARY OF CONGRESS CONTROL NUMBER | |
| LC control number | 2011411339 |
| 020 ## - INTERNATIONAL STANDARD BOOK NUMBER | |
| International Standard Book Number | 9780702055041 |
| 040 ## - CATALOGING SOURCE | |
| Original cataloging agency | DLC |
| Transcribing agency | DLC |
| 042 ## - AUTHENTICATION CODE | |
| Authentication code | pcc |
| 082 ## - DEWEY DECIMAL CLASSIFICATION NUMBER | |
| Classification number | WB 460 |
| Item number | N398n 2011 |
| 100 ## - MAIN ENTRY--PERSONAL NAME | |
| Personal name | Edited by Nicola J.Petty ; Alison Rushton. |
| 9 (RLIN) | 12482 |
| 245 00 - TITLE STATEMENT | |
| Title | Neuromusculoskeletal Examination and Assessment : |
| Remainder of title | a handbook for therapists |
| 250 ## - EDITION STATEMENT | |
| Edition statement | 4th ed. |
| 260 ## - PUBLICATION, DISTRIBUTION, ETC. (IMPRINT) | |
| Place of publication, distribution, etc. | Edinburgh; |
| Name of publisher, distributor, etc. | Churchill Livingstone, |
| Date of publication, distribution, etc. | 2011. |
| 300 ## - PHYSICAL DESCRIPTION | |
| Extent | xvii, 447 p. : |
| Other physical details | ill. ; |
| Dimensions | 25 cm. |
| 650 #0 - SUBJECT ADDED ENTRY--TOPICAL TERM | |
| Topical term or geographic name as entry element | Musculoskeletal system |
| 9 (RLIN) | 12296 |
| 650 #0 - SUBJECT ADDED ENTRY--TOPICAL TERM | |
| Topical term or geographic name as entry element | MCQs |
| 9 (RLIN) | 2433 |
| 906 ## - LOCAL DATA ELEMENT F, LDF (RLIN) | |
| a | 7 |
| b | cbc |
| c | origcop |
| d | 2 |
| e | ocip |
| f | 20 |
| g | y-gencatlg |
| 942 ## - ADDED ENTRY ELEMENTS (KOHA) | |
| Koha item type | Book Bank |
| Source of classification or shelving scheme | Other/Generic Classification Scheme |
| Withdrawn status | Lost status | Damaged status | Not for loan | Home library | Current library | Date acquired | Source of acquisition | Inventory number | Total Checkouts | Full call number | Barcode | Date last seen | Date last checked out | Price effective from | Koha item type | Source of classification or shelving scheme |
|---|---|---|---|---|---|---|---|---|---|---|---|---|---|---|---|---|
| MUST Main Library | MUST Main Library | 13/12/2017 | 2017/40330 | 5 | WB 460 N398n 2011 | 2017-0981 | 30/09/2022 | 14/09/2022 | 13/12/2017 | Book Bank | ||||||
| MUST Main Library | MUST Main Library | 13/12/2017 | 2017/40331 | WB 460 N398n 2011 | 2017-0982 | 13/12/2017 | 13/12/2017 | Book Bank | Other/Generic Classification Scheme |
